| 000 | 00663nam a2200205 i 4500 | ||
|---|---|---|---|
| 001 | 19607 | ||
| 003 | ES-MaACL | ||
| 005 | 20250902004946.0 | ||
| 007 | t| | ||
| 008 | 021004s1912 sp s00110 spa d | ||
| 100 | 1 |
_aAbella, Ramón, _918049 |
|
| 245 | 1 | 3 |
_aLa relojería suiza / _cRamón Abella. |
| 260 |
_aMadrid : _b[s.n.], _c1912 ( _fImp. del Ministerio de Estado) |
||
| 300 |
_a29 p. ; _c22 cm. |
||
| 594 | _aPrecede al tít.: Centro de Información Comercial del Ministerio de Estado. | ||
| 650 | 4 |
_aRelojes- _zSuiza. _9155978 |
|
| 710 | 2 |
_aCentro de Información Comercial (España) _9149580 |
|
| 852 |
_aES-MaACL _jT-1412-F-3 |
||
| 999 |
_c19607 _d19607 |
||